| 000 | 01124nam a2200265 i 4500 | ||
|---|---|---|---|
| 003 | CO-ViMGA | ||
| 005 | 20230915224424.0 | ||
| 008 | 201204s2020 ck ao||jr|||| 00| 0 spa d | ||
| 020 | _a9789584292131 | ||
| 040 |
_aCO-ViMGA _bspa _cCO-ViMGA |
||
| 082 | 0 | 4 |
_a791.62 _bA73r _222 |
| 100 | 1 |
_aArias, Eduardo _eautor _9163814 |
|
| 245 | 1 | 0 |
_aRock al Parque _b25 años de orgullo estridente / _cEduardo Arias, Karl Troller ; collages fotograficos Jorge Tukan ; con prologo y notas de Jaime Andres Monsalve |
| 250 | _aEdicion especial | ||
| 260 |
_aBogota : _bEditorial Planeta Colombiana, _c2020 |
||
| 300 |
_a222 paginas _bilustraciones, fotografias _c23 cm |
||
| 490 | 0 | _aPlan Nacional de Lectura y Escritura Leer es mi Cuento / Ministerio de Cultura | |
| 610 | 2 | 4 |
_aRock al Parque (Festival Musical) _xHistoria _9163815 |
| 650 | 1 | 7 |
_2LEMB _aFestivales musicales _xHistoria _zColombia _9163816 |
| 650 | 1 | 7 |
_2LEMB _aMusica rock _xHistoria _zColombia _9163817 |
| 700 | 1 |
_aMonsalve, Jaime Andres _eprologuista _9163820 |
|
| 700 | 1 |
_aTroller, Karl _eautor _9163818 |
|
| 700 | 1 |
_aTukan, Jorge _efotografo _9163819 |
|
| 942 |
_2ddc _cBK |
||
| 999 |
_c9078 _d9078 |
||